000 00569nam a22001697a 4500
005 20170307072943.0
008 170214b2012 mx ||||| |||| 00| 0 spa d
020 _a9786076100226
050 0 4 _aKGF3012
_bG66 2012
100 1 _aGonzález Valencia, Agenor,
_eautor
245 1 3 _aLa libertad de expresión: una libertad degradada /
_cAgenor González Valencia.
250 _aPrimera edición
260 _aMéxico :
_bFlores Editor y Distribuidor,
_cc2012
300 _axi, 116 páginas ;
_c21 cm.
650 7 _2lemb
_aLibertad de expresión
_zMéxico
942 _2lcc
_cLIB
999 _c127673
_d127673